[Event "Sabadell-B 5th"]
[Site "Sabadell"]
[Date "2011.03.04"]
[Round "5"]
[White "Fernandez Aguilar, Francisco"]
[Black "Monraba Capella, Miguel"]
[Result "0-1"]
[WhiteElo "1924"]
[BlackElo "2263"]
[PlyCount "50"]
[EventDate "2011.02.04"]
[EventType "tourn"]
[EventRounds "9"]
[EventCountry "ESP"]
[SourceTitle "CBM 141 Extra"]
[Source "ChessBase"]
[SourceDate "2011.05.03"]
[SourceVersion "1"]
[SourceVersionDate "2011.05.03"]
[SourceQuality "1"]

1. e4 c5 2. Nf3 Nc6 3. d4 cxd4 4. Nxd4 Nf6 5. Nc3 d6 6. Bc4 e6 7. Be3 Be7 8. Qe2 a6 9. 0-0-0 Qc7 10. Bb3 Na5 11. g4 b5 12. g5 Nxb3+ 13. axb3 Nd7 14. Nf5 exf5 15. Nd5 Qd8 16. exf5 Bb7 17. f6 Bxd5 18. fxe7 Qa5 19. Rxd5 Qa1+ 20. Kd2 Qxh1 21. Qd3 Ne5 22. Rxe5 dxe5 23. Bb6 Kxe7 24. Bc5+ Ke8 25. Qd6 Rd8 0-1

[Event "ESP-chT Div Honor"]
[Site "Linares"]
[Date "2009.11.07"]
[Round "1"]
[White "Monraba Capella, Miguel"]
[Black "Salgado Lopez, Ivan"]
[Result "0-1"]
[WhiteElo "2271"]
[BlackElo "2562"]
[PlyCount "85"]
[EventDate "2009.11.07"]
[EventType "team-match"]
[EventRounds "2"]
[EventCountry "ESP"]
[SourceTitle "CBM 133"]
[Source "ChessBase"]
[SourceDate "2009.11.19"]
[SourceVersion "1"]
[SourceVersionDate "2009.11.19"]
[SourceQuality "1"]

1. e4 c5 2. Nf3 Nc6 3. d4 cxd4 4. Nxd4 Qb6 5. Nb3 Nf6 6. Nc3 e6 7. Be3 Qc7 8. a3 a6 9. f4 d6 10. Be2 b5 11. Bf3 Bb7 12. 0-0 Be7 13. Qe1 0-0 14. Qf2 Rac8 15. Rad1 Qb8 16. Rfe1 Ba8 17. Kh1 Rfe8 18. g4 Nd7 19. g5 Bf8 20. Ne2 a5 21. c3 a4 22. Nd2 Na5 23. Ng3 Nc5 24. Bxc5 Rxc5 25. f5 Nc6 26. Bg2 Ne5 27. Nf3 Ng4 28. Qd2 d5 29. fxe6 Rxe6 30. exd5 Bxd5 31. Rxe6 Bxe6 32. Nd4 Bd7 33. Rf1 Qd6 34. Qf4 Qxf4 35. Rxf4 Rxg5 36. Ne4 Re5 37. h3 Ne3 38. Ng3 Nd1 39. Nf3 Rd5 40. Nd4 Rg5 41. Ne4 Re5 42. Nf3 Rxe4 43. Kh2 0-1

[Event "Catalunya-chT Primera Gp1"]
[Site "Catalunya"]
[Date "2008.02.03"]
[Round "2"]
[White "Balague Camps, Marc"]
[Black "Monraba Capella, Miguel"]
[Result "0-1"]
[WhiteElo "1667"]
[BlackElo "2215"]
[PlyCount "58"]
[EventDate "2008.01.27"]
[EventType "team-tourn"]
[EventRounds "9"]
[EventCountry "ESP"]
[SourceTitle "EXT 2019"]
[Source "ChessBase"]
[SourceDate "2018.10.10"]
[SourceVersion "1"]
[SourceVersionDate "2018.10.10"]
[SourceQuality "1"]

1. c4 e5 2. g3 Nc6 3. Bg2 f5 4. Nc3 Nf6 5. d3 Bb4 6. Bd2 0-0 7. e4 Bxc3 8. Bxc3 d6 9. exf5 Bxf5 10. Ne2 Qd7 11. 0-0 Bh3 12. d4 Bxg2 13. Kxg2 Qf5 14. f3 Rae8 15. c5 e4 16. Ng1 Nd5 17. Qd2 e3 18. Qe2 dxc5 19. dxc5 Nxc3 20. bxc3 Qxc5 21. Rac1 Rd8 22. Rc2 Ne5 23. Rb1 Nc4 24. Re1 Rd2 25. Rxd2 exd2 26. Rb1 Ne3+ 27. Kh1 Rd8 28. Rb5 Qc4 29. Qxe3 Qxb5 0-1

[Event "Catalunya-chT"]
[Site "Spain"]
[Date "1998.??.??"]
[Round "5"]
[White "Gonzalez Rodriguez, Jorge Armando"]
[Black "Monraba Capella, Miguel"]
[Result "1-0"]
[WhiteElo "2450"]
[BlackElo "2240"]
[PlyCount "77"]
[EventDate "1998.01.??"]
[EventType "team"]
[EventRounds "9"]
[EventCountry "ESP"]
[SourceTitle "EXT 2003"]
[Source "ChessBase"]
[SourceDate "2002.11.25"]
[SourceVersion "1"]
[SourceVersionDate "2002.11.25"]
[SourceQuality "1"]

1. c4 e5 2. Nc3 Nf6 3. g3 g6 4. Bg2 Bg7 5. e3 0-0 6. Nge2 d6 7. 0-0 c6 8. d4 Qc7 9. b3 Nbd7 10. Bb2 Re8 11. Qc2 a6 12. a4 Nf8 13. a5 Bf5 14. e4 Bd7 15. Rfd1 Rad8 16. h3 exd4 17. Nxd4 c5 18. Nde2 Bc6 19. Nf4 Ne6 20. Nxe6 Rxe6 21. Nd5 Bxd5 22. cxd5 Re7 23. Qc4 Rde8 24. e5 Nd7 25. exd6 Qxd6 26. Bxg7 Kxg7 27. Rac1 Kg8 28. h4 Re2 29. Bf3 R2e5 30. Kg2 h5 31. b4 cxb4 32. Qc7 Qxc7 33. Rxc7 Nf6 34. Rxb7 Rd8 35. Rxb4 Rd6 36. Rb6 Ne8 37. Rc1 Re7 38. Rc8 Rxb6 39. axb6 1-0